00461nam a22001577a 450000500170000000800410001702000180005804100120007608200130008810000280010124500520012925000190018126000460020030000320024665000250027820250225074505.0250225b |||||||| |||| 00| 0 eng d a9780702195464 aEnglish a345 VAN  aVan der Berg JlEnglish aBail: A Practitioner's Guide / cJ Van der Berg aThird Edition  aCape Town: bJuta and Company Ltd, c2012 bxxxix, 279 pages; c25 cm.  aLegal practice bLaw